000 00684nam a2200169 a 4500
001 000028572
005 20260305073951.0
008 110408s2003 dr a 000 | spa d
040 _aDO-SdBNP
_bspa
_cBNPHU
082 _axxx
_bR426g
110 1 _aRepública Dominicana.
_b Secretaría de Estado de Medio Ambiente y Recursos Naturales
_914503
245 1 0 _aGuía botánica de las rutas al Pico Duarte :
_bParque Nacional Armando Bermúdez /
_cintroducción de Frank Moya Pons.
260 _aSanto Domingo :
_bSecretaría de Estado de Medio Ambiente y Recursos Naturales,
_c2003.
300 _a45 p. :
_bil. ;
_c28 cm.
049 _aBNPD
700 1 _aMoya Pons, Frank,
_d1944-
_eintrod.
_92095
999 _c28064
_d28064